Osnovy teorii i metody teplovych rasčetov rudničnogo vozducha.

Uložené v:
Podrobná bibliografia
Hlavný autor: Ščerbaň, A. N.
Médium: Kniha
Jazyk:Slovak
Vydané: 1953.
Fyzický popis: 307 s.
Tagy: Pridať tag
Žiadne tagy, Buďte prvý kto otaguje tento záznam!

MARC

LEADER 00000nam a22000004a 4500
001 000577832
005 20180419111436.0
008 180419s1953 xo e 000 0 slo d
040 |a SVKKK  |b slo  |c SVKKK  |e AACR2 
100 1 |a Ščerbaň, A. N. 
245 1 0 |a Osnovy teorii i metody teplovych rasčetov rudničnogo vozducha. 
260 |c 1953. 
300 |a 307 s. 
500 |a Záznam revízie 
910 |a svkkk 
998 |a BK 
090 |g SCKHL  |k Sklad  |a III.7341  |j 41897  |i 2720530320  |4 Zastaraná  |s Vyradená